000 00561nam a2200181Ia 4500
008 240729s9999 xx 000 0 und d
022 _a2476-3772
245 0 _aInternational Journal of Reproductive BioMedicine
260 _aIran, Islamic Republic of
260 _bShahid Sadoughi University of Medical Sciences
650 _a Biology (General)
650 _a Gynecology and obstetrics | Science
650 _a Reproduction
650 _aMedicine
856 _uhttps://doaj.org/toc/f4d1864b14494aeb9aa91ce2be9a7e42
942 _2ddc
942 _cDOAJEJ
999 _c68669
_d68669
945 _a1
_bMadushi Gamage
_c1
_dMadushi Gamage